Možnosti investovania na realitnom trhu diplomová práca

Na minha lista:
Detalhes bibliográficos
Autor principal: Tomčová, Patrícia
Autor Corporativo: Podnikovohospodárska fakulta EU so sídlom v Košiciach. Katedra ekonómie
Outros Autores: Verner, Robert, 1986-
Formato: Livro
Idioma:eslovaco
Publicado em: Košice 2018
Tags: Adicionar Tag
Sem tags, seja o primeiro a adicionar uma tag!

MARC

LEADER 00000nbm a2200000 4500
001 0244177
005 20240827092557.1
041 0 |a slo 
044 |a SK 
245 1 0 |a Možnosti investovania na realitnom trhu  |b diplomová práca  |c Patrícia Tomčová ; školiteľ: Robert Verner 
264 1 |a Košice  |c 2018 
300 |a 80 s. 
100 1 |a Tomčová, Patrícia 
700 1 |a Verner, Robert, 1986- 
710 2 |a Podnikovohospodárska fakulta EU so sídlom v Košiciach. Katedra ekonómie